000 00772nam a2200205 a 4500
003 0
005 20250318145057.0
008 071127s19uu xx 00 eng d
050 _aPGS LB 1062.6.S74
_b.C545 2007
100 _aCho, Soo Hyun.
245 _aAcademic performance of middle school students with step - parents /
_cSoo Hyun Cho.
260 _aLas PiƱas City, Philippines :
_bSouthville International School and Colleges,
_c2007.
300 _a29 pages :
_billustrations ;
_c28 cm.
504 _aIncludes bibliographical references.
650 _aAcademic achievement
_vMiddle school students.
650 _aStepchildren
_vEducation.
650 _aParenting
_vPsychological aspects.
650 _aFamily structure and academic success.
942 _2lcc
_cPASS
999 _c97697
_d97697